Principles of petroleum development geology / (Record no. 10983)

MARC details
000 -LEADER
fixed length control field 00995nam a22002897i 4500
003 - CONTROL NUMBER IDENTIFIER
control field EG-ScBUE
005 - DATE AND TIME OF LATEST TRANSACTION
control field 20260312094130.0
008 - FIXED-LENGTH DATA ELEMENTS--GENERAL INFORMATION
fixed length control field 090302t1996 njua f b 001 0 eng d
020 ## - INTERNATIONAL STANDARD BOOK NUMBER
International Standard Book Number 0136494684
020 ## - INTERNATIONAL STANDARD BOOK NUMBER
International Standard Book Number 9780136494683
040 ## - CATALOGING SOURCE
Original cataloging agency EG-ScBUE
Language of cataloging eng
Description conventions rda
Transcribing agency EG-ScBUE
Modifying agency EG-ScBUE
082 04 - DEWEY DECIMAL CLASSIFICATION NUMBER
Classification number 553.28
Item number LAU
Edition number 22
100 1# - MAIN ENTRY--PERSONAL NAME
Personal name Laudon, Robert C.,
Relator term author.
245 10 - TITLE STATEMENT
Title Principles of petroleum development geology /
Statement of responsibility, etc professor Robert C. Laudon, University of Missouri, Rolla, Missouri.
264 #1 - PUBLICATION, DISTRIBUTION, ETC. (IMPRINT)
Place of publication, distribution, etc New Jersey :
Name of publisher, distributor, etc PTR Prentice Hall,
Date of publication, distribution, etc [1996]
264 #4 - PUBLICATION, DISTRIBUTION, ETC. (IMPRINT)
Date of publication, distribution, etc c1996
300 ## - PHYSICAL DESCRIPTION
Extent xv, 267 pages :
Other physical details illustrations ;
Dimensions 20 cm.
336 ## - CONTENT TYPE
Source rdacontent
Content type term text
Content type code txt
337 ## - MEDIA TYPE
Media type term unmediated
Source rdamedia
Media type code n
338 ## - CARRIER TYPE
Carrier type term volume
Carrier type code nc
Source rdacarrier
490 0# - SERIES STATEMENT
Series statement Prentice Hall petroleum engineering series
504 ## - BIBLIOGRAPHY, ETC. NOTE
Bibliography, etc Includes bibliographical references and index.<br/>
650 #7 - SUBJECT ADDED ENTRY--TOPICAL TERM
Topical term or geographic name as entry element Petroleum
General subdivision Geology.
Source of heading or term BUEsh
650 #7 - SUBJECT ADDED ENTRY--TOPICAL TERM
Topical term or geographic name as entry element Petroleum reserves.
Source of heading or term BUEsh
655 ## - INDEX TERM--GENRE/FORM
Form subdivision Reading book
942 ## - ADDED ENTRY ELEMENTS (KOHA)
Source of classification or shelving scheme Dewey Decimal Classification
Koha item type Book - Borrowing
Holdings
Withdrawn status Lost status Source of classification or shelving scheme Damaged status Not for loan Collection code Home library Current library Shelving location Date acquired Source of acquisition Total Checkouts Total Renewals Full call number Barcode Date last seen Date checked out Price effective from Koha item type Cost, normal purchase price Serial Enumeration / chronology
    Dewey Decimal Classification     Baccah Central Library Central Library First floor 02/03/2009   4 13 553.28 LAU 000015241 15/07/2025 08/01/2019 02/03/2009 Book - Borrowing    
    Dewey Decimal Classification     Baccah Central Library Central Library First floor 02/03/2009   1   553.28 LAU 000015240 15/07/2025 12/11/2009 02/03/2009 NB - Book (Non borrowing)    
    Dewey Decimal Classification     Baccah Central Library Central Library First floor 02/03/2009   6 57 553.28 LAU 000015239 15/07/2025 26/02/2020 02/03/2009 Book - Borrowing    
    Dewey Decimal Classification     Baccah Central Library Central Library First floor 24/02/2010   7 19 553.28 LAU 000019903 15/07/2025 16/02/2020 24/02/2010 Book - Borrowing    
    Dewey Decimal Classification     Baccah Central Library Central Library First floor 03/05/2011   6 37 553.28 LAU 000025085 15/07/2025 25/03/2018 03/05/2011 Book - Borrowing 180.00 12088